000 00406nam a22001577a 4500
003 OSt
005 20250516135038.0
008 250516b |||||||| |||| 00| 0 eng d
020 _a9789332551916
040 _cIIMT ENGINEERING COLLEGE
100 _aJAIN ANIL K.
245 _aFUNDAMENTALS OF DIGITAL IMAGE PROCESSING
260 _aNEW DELHI-SVERA
_bPEARSON
_c12-5-2025
300 _a569
942 _2ddc
_c01
999 _c65680
_d65680